HP B5 C16 - Statistics

General Stats
  • This quiz has been taken 3 times
  • The average score is 38 of 76
Answer Stats
Term Answers % Correct
Distinguible Distinguishable
100%
Mentalidad Mentality
100%
Predecible Predictable
100%
Alusión Allusion
50%
En Torno Around
50%
Asistente Attendee
50%
Trastienda Backroom
50%
Vendaje Bandaging
50%
Desapacible Bleak
50%
Col Cabbage
50%
Convocatoria Call
50%
Parloteo Chatter
50%
Carrillo Cheek
50%
Atragantarse Choke
50%
Broche Clasp
50%
Basto Coarse
50%
Comprometerse Commit Oneself
50%
Complaciente Complacent
50%
Comprometer Compromise
50%
Cretino Cretin
50%
Mortífero Deadly
50%
Sepulcral Deathly
50%
Ciervo Deer
50%
Diagrama Diagram
50%
Entretenerse Dillydally
50%
Soñador Dreamy
50%
Debidamente Duly
50%
Entretener Entertain
50%
Feria Fair
50%
Ingeniar Figure Out
50%
Mugre Filth
50%
Llameante Flaming
50%
Furibundo Furious
50%
Es Más Furthermore
50%
Ojeada Glance
50%
Puerco Hog
50%
Posada Inn
50%
Intervalo Interval
50%
Misiva Letter
50%
Impacientarse Lose One’s Patience
50%
Impacientar Make Impatient
50%
Roña Muck
50%
A Flor De Piel On Edge
50%
Afueras Outskirts
50%
Pasar Por Alto Overlook
50%
Faisán Pheasant
50%
Postura Posture
50%
Elogiar Praise
50%
Pregonar Proclaim
50%
Sobreponerse Pull Oneself Together
50%
Puñetazo Punch
50%
Sobreponer Put On Top
50%
Poner Reparo Qualm
50%
Despotricar Rant
50%
Abrasador Scorching
50%
Empeñado Set On
50%
Pecar Sin
50%
Risueño Smiling
50%
Respingón Snub
50%
Solemnidad Solemnity
50%
Derramar Spill
50%
Escaparate Storefront
50%
Cabo Stub
50%
Grosería Swearword
50%
Apisonar Tamp Down
50%
Registradora Till
50%
Chivatazo Tipoff
50%
Inconscientemente Unconsciously
50%
Al Día Up To Date
50%
Tufillo Whiff
50%
Jabalí Wild Boar
50%
Ventoso Windy
50%
Ceder Yield
50%
Endilgar Land With
0%
Borda Overboard
0%
Sondear Sound Out
0%
No matching quizzes found
Score Distribution
Percent of People with Each Score
Percentile by Number Answered
Your Score History
You have not taken this quiz